Contabilidad social (Record no. 69701)

MARC details
000 -LEADER
campo de control de longitud fija 00677nam a2200169 i 4500
001 - NÚMERO DE CONTROL
campo de control 69701
003 - IDENTIFICADOR DE NÚMERO DE CONTROL
campo de control ES-MaACL
007 - CAMPO FIJO DE DESCRIPCIÓN FÍSICA--INFORMACIÓN GENERAL
campo de control de longitud fija t|
008 - DATOS DE LONGITUD FIJA--INFORMACIÓN GENERAL
campo de control de longitud fija 040709s1980 sp ||||1| spa d
100 1# - ENTRADA PRINCIPAL--NOMBRE DE PERSONA
Nombre de persona García García, Moisés.
9 (RLIN) 54668
245 10 - MENCIÓN DEL TÍTULO
Título Contabilidad social
Resto del título : del sistema de la circulación económica a los modelos de cuentas nacionales /
Mención de responsabilidad, etc. Moisés García García ; [prólogo: Leandro Cañibano Calvo].
260 ## - PUBLICACIÓN, DISTRIBUCIÓN, ETC.
Lugar de publicación, distribución, etc. [Madrid :
Nombre del editor, distribuidor, etc. Instituto de Planificación Contable,
Fecha de publicación, distribución, etc. 1980]
300 ## - DESCRIPCIÓN FÍSICA
Extensión XX, 710 p. :
Otras características físicas gráf., il. ;
Dimensiones 24 cm.
700 1# - ENTRADA AGREGADA--NOMBRE PERSONAL
Nombre de persona Cañibano Calvo, Leandro.
9 (RLIN) 34753
710 2# - ENTRADA AGREGADA--NOMBRE DE ENTIDAD CORPORATIVA
Nombre de entidad corporativa o nombre de jurisdicción como elemento de entrada Instituto de Planificación Contable.
9 (RLIN) 4993
852 ## - LOCALIZACIÓN
Ubicación ES-MaACL
Número de control de estantería L-5471
Sublocalización o colección R.105984
Holdings
Estatus retirado Estado de pérdida Estado de daño No para préstamo Biblioteca de origen Biblioteca actual Ubicación en estantería Fecha de adquisición Fuente de adquisición Total de préstamos Signatura topográfica completa Código de barras Visto por última vez Precio de reemplazo Tipo de ítem Koha
        Biblioteca del Ateneo de Madrid Biblioteca del Ateneo de Madrid Depósito 2 17/01/2008     L-5471 1072986 23/02/2023 23/02/2023 Libro impreso